000 00430pab a2200157 454500
008 180718b1989 xxu||||| |||| 00| 0 eng d
100 _aAli, Mubarik
245 _aProfit efficiency among Basmati rice producers in Pakistan Punjab
260 _c1989
300 _a303-10
362 _aMay
650 _aFarm Produce - Pakistan
700 _aJohn C. Flinn
773 _aAmerican Journal of Agricultural Economics
909 _a8151
999 _c8151
_d8151